| 000 | 00816cab a22002175a 4500 | ||
|---|---|---|---|
| 001 | L152870 | ||
| 008 | 110509s2011 xxk 000 0 eng d | ||
| 035 | _a(Sirsi) u152870 | ||
| 041 | 0 | _aeng | |
| 100 | 1 | _aCrossley, Mark | |
| 245 | 0 | 4 | _aThe Building Regulations 2010 |
| 260 | _c2011 | ||
| 490 | 0 |
_aHogan Lovells Real Estate Quarterly _vSpring 2011, 10-11(2) |
|
| 520 | _aThe procedures for compliance with the Building Regulations remain a mystery to many. Provides an overview of the regime and highlights questions that purchasers of property should ask. | ||
| 590 | _aKA | ||
| 650 | 2 | 4 | _aBUILDING REGULATIONS APPROVED DOCUMENTS 2010 |
| 650 | 2 | 4 | _aBUILDING AND APPROVED INSPECTORS (AMENDMENT) REGULATIONS 2010 |
| 651 | 4 |
_aEngland and Wales _y1543- |
|
| 690 |
_aBuilding regulations _96224 |
||
| 942 | _n0 | ||
| 999 |
_c83127 _d83127 |
||